Écrire les 12 mois de l'année en 15 secondes - Statistiques

Statistiques générales
  • Ce quiz a été pris 2 111 fois
  • Le résultat moyen est 8 sur 12
Statistiques - réponses
Mois % Correct
Janvier
99%
Février
89%
Mars
89%
Avril
86%
Mai
85%
Juin
84%
Juillet
78%
Août
70%
Septembre
57%
Octobre
43%
Novembre
31%
Décembre
23%
Aucun quiz correspondant
Distribution des résultats
% des personnes avec chaque résultat
Percentile par nombre de réponses
Votre historique - résultats
Vous n’avez pas pris ce quiz